Statistics for 2023-24 NFL Honors

Click here to take the quiz!

General Stats

  • This quiz has been taken 34 times
  • The average score is 12 of 28

Answer Stats

HintAnswer% Correct
MVPLamar Jackson
100%
OROTYCJ Stroud
97%
DPOTYMyles Garrett
93%
OPOTYChristian McCaffrey
90%
Jim Brown AwardChristian McCaffrey
90%
FedEx Air & Ground Players of the YearChristian McCaffrey
90%
DROTYWill Anderson Jr.
86%
CPOTYJoe Flacco
79%
COYKevin Stefanski
69%
Walter Payton MOTYCameron Heyward
59%
Deacon Jones Sack Leader AwardTJ Watt
48%
HOFDevin Hester
45%
FedEx Air & Ground Players of the YearBrock Purdy
38%
Fan of the YearTom Grossi
31%
HOFJulius Peppers
28%
HOFAndre Johnson
24%
Assistant COYJim Schwartz
24%
HOFDwight Freeney
21%
HOFPatrick Willis
17%
HOFSteve McMichael
17%
Angry Run Of The yearNajee Harris
14%
HOFRandy Gradishar
10%
Bud Light Easy to Celebrate Moment of the YearTommy DeVito
10%
Art Rooney Sportsmanship AwardBobby Wagner
7%
NFLPA Alan Page Community AwardCalais Campbell
7%
Salute to ServiceJoe Cardona
7%
NFL FLAG Players of the YearAllison Gandlin/Ryder Noche
3%
Don Shula High School Coach of the YearAndy Lowry/Shane Fairfield
3%

Score Distribution

Percentile by Number Answered

Percent of People with Each Score

Your Score History

You have not taken this quiz